01298 2200373 4500001002100000005001500021035002000036007000300056008004100059020002200100082001600122084001800138100003000156245021900186250002600405300002500431650002000456700003600476700003900512700004000551700003500591700003800626700003300664700002300697264003000720336002100750337003000771338002300801040002200824090002200846850001200868999002200880990002200902INLIS00000000089016520240821112755 a0010-0824000728ta240821s2024 yoi g ind d a978-979-21-7872-204223a782.253 a782.253 TON m0 aTonie WidyartoePengarang10aMazmur tanggapan dan alleluya misa harian /cTonie Widyarto, Rm. Yoseph Kristanto, Rm. Lukas Heri Purnawan, Rm. Ignatius Sukawalyana, C.Christian Timur, Yoachim Agus Tridiatno, Antonius Pujianto; penyunting, Erdian aCetakan pertama, 2024 a552 halaman ;c24 cm 4aNyanyian rohani0 aYoseph KristantocRmePengarang0 aLukas Heri PurnawancRmePengarang0 aIgnatius SukawalyanacRmePengarang1 aChristian Timur, C.ePengarang0 aYoachim Agus TridiatnoePengarang0 aAntonius PujiantoePengarang0 aErdianePenyunting31aSleman :bKanisius,c2024 2rdacontentateks 2rdamediaatanpa perantara 2rdacarrieravolume aYOPDYOGbinderda aCB-D.11 2024-2775 aYOPDYOG aCB-D.11/2024-2775 aCB-D.11/2024-2775